000 00553nam a2200217Ia 4500
005 20260429112305.0
008 260429s9999||||xx |||||||||||||| ||und||
020 _a9798887153643
041 _aEnglish
082 _a639.3
_bSMU
100 _aSmulders, Nick
245 0 _aMarine food fishes /
_cNick Smulders
250 _a1st ed.
260 _aDublin :
_bOryson Press,
_c2024.
300 _aviii, 296 p.; hb
650 _a Fisheries science
650 _a Food fishes
650 _a Marine biology
650 _aMarine fishes
942 _cTB
999 _c53340
_d53340